K aktuálnym otázkam kúpy a predaja v obchodnom práve
Kúpa a predaj v podnikateľskej praxi ako jeden z najčastejších dôvodov vzniku obchodných záväzkových vzťahov založených kúpnou zmluvovu, zmluvou o predaji podniku, zmluvou o kúpe prenajatej veci ap. Problémy spojené s vrátením splátky kúpnej ceny. Zmluva o kúpe akcií a problémy spojené s jej plnením...
Salvato in:
| Autore principale: | |
|---|---|
| Natura: | Capitolo di libro |
| Lingua: | slovacco |
| Soggetti: | |
| Tags: |
Nessun Tag, puoi essere il primo ad aggiungerne!!
|
MARC
| LEADER | 00000naa a2200000 4500 | ||
|---|---|---|---|
| 001 | r028142 | ||
| 005 | 20230728093523.3 | ||
| 041 | 0 | |a slo | |
| 044 | |a SK | ||
| 245 | 1 | 0 | |a K aktuálnym otázkam kúpy a predaja v obchodnom práve |c M. Kolaříková |
| 520 | |a Kúpa a predaj v podnikateľskej praxi ako jeden z najčastejších dôvodov vzniku obchodných záväzkových vzťahov založených kúpnou zmluvovu, zmluvou o predaji podniku, zmluvou o kúpe prenajatej veci ap. Problémy spojené s vrátením splátky kúpnej ceny. Zmluva o kúpe akcií a problémy spojené s jej plnením. | ||
| 610 | 2 | 0 | |a kúpa |
| 610 | 2 | 0 | |a predaj |
| 610 | 2 | 0 | |a právo obchodné |
| 610 | 2 | 0 | |a zmluvy kúpne |
| 610 | 2 | 0 | |a zmluvy obchodné |
| 610 | 2 | 0 | |a podnikanie |
| 610 | 2 | 0 | |a zmluvy predajné |
| 610 | 2 | 0 | |a ceny kúpne |
| 610 | 2 | 0 | |a papiere cenné |
| 610 | 2 | 0 | |a akcie |
| 100 | 1 | |a Kolaříková, M. | |